A treatise on the law and practice of arbitrations and awards, for surveyors, valuers, auctioneers and estate agents (Record no. 87312)

MARC details
000 -LEADER
fixed length control field 00579cam a2200205 4500
001 - CONTROL NUMBER
control field D8852
008 - FIXED-LENGTH DATA ELEMENTS--GENERAL INFORMATION
fixed length control field 090401t1913 xxu||||| |||| 00| 0 eng d
035 ## - SYSTEM CONTROL NUMBER
System control number (Sirsi) u15798
041 ## - LANGUAGE CODE
Language code of text/sound track or separate title eng
050 ## - LIBRARY OF CONGRESS CALL NUMBER
Classification number 347.4109
100 ## - MAIN ENTRY--PERSONAL NAME
Personal name Soper, John P.H
245 #2 - TITLE STATEMENT
Title A treatise on the law and practice of arbitrations and awards, for surveyors, valuers, auctioneers and estate agents
250 ## - EDITION STATEMENT
Edition statement 2nd Rev
260 ## - PUBLICATION, DISTRIBUTION, ETC.
Place of publication, distribution, etc. London
Name of publisher, distributor, etc. Estates Gazette/Sweet & Maxwell
Date of publication, distribution, etc. 1913
300 ## - PHYSICAL DESCRIPTION
Extent xxviii. 336p
350 ## - PRICE (NR) (BK AM CF MU VM SE) [OBSOLETE]
Price 0
700 ## - ADDED ENTRY--PERSONAL NAME
Personal name Young, J. Dawbarn
942 ## - ADDED ENTRY ELEMENTS (KOHA)
Suppress in OPAC 0
948 ## - LOCAL PROCESSING INFORMATION (OCLC); SERIES PART DESIGNATOR (RLIN)
c (OCLC) 04/03/1997
Holdings
Withdrawn status Lost status Source of classification or shelving scheme Damaged status Not for loan Home library Current library Shelving location Date acquired Total Checkouts Full call number Barcode Date last seen Copy number Price effective from Koha item type
    Dewey Decimal Classification     London London Basement 21/08/1991   SHELF 135 30022951 06/08/2019 1 06/08/2019 Reference material